[Event "GER-ch 2014-E-V6 serv"]
[Site "GER email"]
[Date "2014.12.08"]
[Round "?"]
[White "Langheld, Werner"]
[Black "Mehaux, Heiko"]
[Result "1-0"]
[WhiteElo "1994"]
[BlackElo "1950"]
[PlyCount "93"]
[EventDate "2014.12.22"]
[EventType "tourn (corr)"]
[EventRounds "6"]
[EventCountry "GER"]
[SourceTitle "Corr 2020"]
[Source "ChessBase"]
[SourceDate "2019.09.30"]
[SourceVersion "1"]
[SourceVersionDate "2019.09.30"]
[SourceQuality "1"]

1. e4 e6 2. d4 d5 3. Nc3 Nf6 4. Bg5 dxe4 5. f3 e3 6. Bxe3 Bb4 7. a3 Bxc3+ 8. bxc3 0-0 9. Qd2 Nc6 10. Bd3 e5 11. Ne2 Qd6 12. 0-0 Bd7 13. Ng3 b6 14. Rfe1 Rfe8 15. Ne4 Nxe4 16. Bxe4 Rad8 17. Bf2 exd4 18. Rad1 f5 19. Bg3 Qc5 20. cxd4 Qc4 21. Bd3 Qxd4+ 22. Kh1 Be6 23. Bxc7 Rd7 24. Bg3 Qf6 25. Qf4 Rd4 26. Qc7 Rc8 27. Qb7 Qf7 28. Qa6 Rcd8 29. Rd2 g6 30. Bf2 R4d6 31. Bh4 R8d7 32. Bg5 Nd4 33. Qc8+ Rd8 34. Qc3 Rc8 35. Qa1 b5 36. Qb2 Re8 37. Red1 Nc6 38. Qxb5 Rc8 39. Qa6 Rb8 40. c4 Bc8 41. Qa4 Ne5 42. Bf1 Rxd2 43. Bxd2 Bd7 44. Qc2 Bc6 45. Bf4 Re8 46. c5 a6 47. a4 1-0

[Event "GER-ch 2014-E-V6 serv"]
[Site "GER email"]
[Date "2014.12.08"]
[Round "?"]
[White "Nitschke, Norbert"]
[Black "Mehaux, Heiko"]
[Result "1/2-1/2"]
[WhiteElo "1779"]
[BlackElo "1950"]
[PlyCount "72"]
[EventDate "2014.12.22"]
[EventType "tourn (corr)"]
[EventRounds "6"]
[EventCountry "GER"]
[SourceTitle "Corr 2020"]
[Source "ChessBase"]
[SourceDate "2019.09.30"]
[SourceVersion "1"]
[SourceVersionDate "2019.09.30"]
[SourceQuality "1"]

1. d4 e6 2. g3 Nf6 3. Bg2 c5 4. Nf3 Nc6 5. Nc3 d5 6. 0-0 Be7 7. dxc5 Bxc5 8. a3 0-0 9. Bf4 h6 10. Qd3 g5 11. Be3 Bxe3 12. fxe3 Kg7 13. Rad1 Qb6 14. Na4 Qa5 15. Nc3 a6 16. h3 e5 17. b4 Qxa3 18. Nxe5 Qxb4 19. Nxd5 Nxe5 20. Nxb4 Nxd3 21. cxd3 a5 22. Nc2 Re8 23. Ra1 Ra6 24. Rfb1 b6 25. g4 h5 26. gxh5 Rh8 27. Na3 a4 28. Nc4 Be6 29. Ra3 Bxc4 30. dxc4 Rxh5 31. Rb4 Rh4 32. Rbxa4 Rxa4 33. Rxa4 g4 34. c5 bxc5 35. Rc4 Kh6 36. hxg4 Nxg4 1/2-1/2

[Event "GER-ch 2014-B-V5 serv"]
[Site "GER email"]
[Date "2014.04.27"]
[Round "?"]
[White "Garus, Edward"]
[Black "Mehaux, Heiko"]
[Result "1-0"]
[WhiteElo "2037"]
[BlackElo "1969"]
[PlyCount "63"]
[EventDate "2014.05.15"]
[EventType "tourn (corr)"]
[EventRounds "6"]
[EventCountry "GER"]
[SourceTitle "Corr 2020"]
[Source "ChessBase"]
[SourceDate "2019.09.30"]
[SourceVersion "1"]
[SourceVersionDate "2019.09.30"]
[SourceQuality "1"]

1. e4 c6 2. d4 d5 3. Nd2 dxe4 4. Nxe4 Bf5 5. Ng3 Bg6 6. h4 h6 7. Nf3 Nd7 8. h5 Bh7 9. Bd3 Bxd3 10. Qxd3 e6 11. Bd2 Ngf6 12. 0-0-0 Be7 13. Ne4 Nxe4 14. Qxe4 Nf6 15. Qd3 0-0 16. Kb1 c5 17. g4 Nxg4 18. Qe2 Qd5 19. Rhg1 Qxh5 20. Rh1 Qf5 21. Nh4 Bxh4 22. Rxh4 h5 23. f3 Nf6 24. Rg1 Rfd8 25. Rg5 Qh7 26. Qe5 Kf8 27. Rhxh5 Nxh5 28. Rxh5 Qg8 29. Qxc5+ Ke8 30. d5 Rd7 31. Qd4 Rxd5 32. Rxd5 1-0

[Event "GER-ch 2014-B-V5 serv"]
[Site "GER email"]
[Date "2014.04.27"]
[Round "?"]
[White "Mehaux, Heiko"]
[Black "Klischat, Helmut"]
[Result "0-1"]
[WhiteElo "1969"]
[BlackElo "2039"]
[PlyCount "84"]
[EventDate "2014.05.15"]
[EventType "tourn (corr)"]
[EventRounds "6"]
[EventCountry "GER"]
[SourceTitle "Corr 2020"]
[Source "ChessBase"]
[SourceDate "2019.09.30"]
[SourceVersion "1"]
[SourceVersionDate "2019.09.30"]
[SourceQuality "1"]

1. d4 Nf6 2. c4 e6 3. Nc3 Bb4 4. f3 c5 5. a3 Bxc3+ 6. bxc3 Nc6 7. e4 d6 8. Be3 b6 9. Bd3 0-0 10. Ne2 Qc7 11. Bg5 Nd7 12. h3 Ba6 13. Kf2 Na5 14. Qa4 Rfc8 15. Rab1 h6 16. Bh4 Qc6 17. Qxc6 Rxc6 18. Bg3 Bxc4 19. Bc2 b5 20. Rhd1 Bxe2 21. Kxe2 cxd4 22. Bd3 a6 23. cxd4 Nb6 24. Be1 Nac4 25. Rdc1 Rac8 26. Rc2 Na4 27. Bxc4 Nb6 28. Rb4 Rxc4 29. Rbxc4 Rxc4 30. Kd3 d5 31. Rxc4 Nxc4 32. Bb4 f5 33. g3 fxe4+ 34. fxe4 Kf7 35. g4 a5 36. Bc5 Nb2+ 37. Kc2 Na4 38. Bd6 dxe4 39. Bc7 Kg6 40. Bxa5 Kg5 41. Kb3 Kh4 42. Kb4 e3 0-1

[Event "GER-ch 2014-A-V5 serv"]
[Site "GER email"]
[Date "2014.02.14"]
[Round "?"]
[White "Mehaux, Heiko"]
[Black "Packroff, Hermann"]
[Result "1/2-1/2"]
[WhiteElo "2034"]
[BlackElo "1960"]
[PlyCount "50"]
[EventDate "2014.02.24"]
[EventType "tourn (corr)"]
[EventRounds "6"]
[EventCountry "GER"]
[SourceTitle "Corr 2015"]
[Source "ChessBase"]
[SourceDate "2015.07.17"]
[SourceVersion "1"]
[SourceVersionDate "2015.07.17"]
[SourceQuality "1"]

1. e4 c6 2. d4 d5 3. e5 Bf5 4. Nf3 e6 5. Be2 Ne7 6. 0-0 Nd7 7. Nh4 Bg6 8. Nd2 Nf5 9. Nxg6 hxg6 10. Nf3 Be7 11. c3 c5 12. a4 a6 13. a5 cxd4 14. cxd4 Nb8 15. Bd2 Nc6 16. Qa4 0-0 17. Rfc1 Qb8 18. Bd3 Qc7 19. Rc2 Rfc8 20. Rac1 Qd8 21. g3 Kh7 22. Kg2 Kg8 23. Rh1 Qd7 24. b3 Qe8 25. Rhc1 Qd8 1/2-1/2

[Event "GER-ch 2014-A-V5 serv"]
[Site "GER email"]
[Date "2014.02.14"]
[Round "?"]
[White "Mehaux, Heiko"]
[Black "Rickert, Willi"]
[Result "1/2-1/2"]
[WhiteElo "2034"]
[BlackElo "2011"]
[PlyCount "67"]
[EventDate "2014.02.24"]
[EventType "tourn (corr)"]
[EventRounds "6"]
[EventCountry "GER"]
[SourceTitle "Corr 2015"]
[Source "ChessBase"]
[SourceDate "2015.07.17"]
[SourceVersion "1"]
[SourceVersionDate "2015.07.17"]
[SourceQuality "1"]

1. e4 e5 2. Nf3 Nc6 3. Bc4 Nf6 4. d3 Be7 5. 0-0 0-0 6. Bb3 d6 7. c3 Na5 8. Bc2 c5 9. Nbd2 Qc7 10. Re1 Be6 11. Nf1 Rad8 12. h3 Nc6 13. Ng5 Bc8 14. Ne3 h6 15. Nf3 d5 16. exd5 Nxd5 17. Nxd5 Rxd5 18. Bb3 Rdd8 19. Qe2 Bf6 20. Qe4 Qd6 21. Bc2 Qd5 22. a3 Qxe4 23. dxe4 Na5 24. b4 Nc4 25. bxc5 Be6 26. Rb1 Rb8 27. Bb3 Rfc8 28. Nd2 Nxd2 29. Bxd2 Bxb3 30. Rxb3 Rxc5 31. Be3 Ra5 32. c4 Be7 33. Rb5 Rxa3 34. Rxe5 1/2-1/2

[Event "GER-ch 2014-A-V5 serv"]
[Site "GER email"]
[Date "2014.02.14"]
[Round "?"]
[White "Warzecha, Helmut"]
[Black "Mehaux, Heiko"]
[Result "1-0"]
[WhiteElo "1968"]
[BlackElo "2034"]
[PlyCount "73"]
[EventDate "2014.02.24"]
[EventType "tourn (corr)"]
[EventRounds "6"]
[EventCountry "GER"]
[SourceTitle "Corr 2015"]
[Source "ChessBase"]
[SourceDate "2015.07.17"]
[SourceVersion "1"]
[SourceVersionDate "2015.07.17"]
[SourceQuality "1"]

1. e4 c5 2. Nf3 e6 3. d4 cxd4 4. Nxd4 Nc6 5. Nc3 Nf6 6. Ndb5 d6 7. Bf4 e5 8. Bg5 a6 9. Na3 b5 10. Bxf6 gxf6 11. Nd5 f5 12. c3 Bg7 13. Bd3 Be6 14. Nc2 0-0 15. 0-0 Bxd5 16. exd5 Ne7 17. Re1 Qd7 18. Bf1 Rfc8 19. g3 Rc5 20. Bg2 a5 21. Qh5 b4 22. c4 f4 23. b3 Qf5 24. Qxf5 Nxf5 25. Be4 Ne7 26. gxf4 exf4 27. Rad1 Ng6 28. Nd4 Bxd4 29. Rxd4 Ne5 30. Kg2 a4 31. Bf5 f3+ 32. Kg3 axb3 33. axb3 Ra2 34. Rh4 Rca5 35. Rxh7 Re2 36. Rg1 Rb2 37. h4 1-0

[Event "GER ML-389 email"]
[Site "GER email"]
[Date "2014.??.??"]
[Round "?"]
[White "Bruening, Ralf"]
[Black "Mehaux, Heiko"]
[Result "1/2-1/2"]
[WhiteElo "2211"]
[BlackElo "2076"]
[PlyCount "64"]
[EventDate "2013.??.??"]
[EventType "tourn (corr)"]
[EventRounds "6"]
[EventCountry "GER"]
[SourceTitle "Corr 2015"]
[Source "ChessBase"]
[SourceDate "2015.07.17"]
[SourceVersion "1"]
[SourceVersionDate "2015.07.17"]
[SourceQuality "1"]
[WhiteTeam "DESC"]

1. e4 c5 2. Nf3 d6 3. d4 cxd4 4. Nxd4 Nf6 5. Nc3 a6 6. Be3 e5 7. Nb3 Be6 8. f3 Be7 9. Qd2 0-0 10. 0-0-0 Nbd7 11. g4 b5 12. g5 b4 13. Ne2 Ne8 14. f4 a5 15. f5 a4 16. Nbd4 b3 17. Kb1 exd4 18. Nxd4 bxc2+ 19. Nxc2 Bb3 20. axb3 axb3 21. Na3 Ne5 22. h4 Ra4 23. Bd4 Nf3 24. Qc3 Nxd4 25. Rxd4 Rxd4 26. Qxd4 d5 27. Qxd5 Qxd5 28. exd5 Nd6 29. Bd3 Rb8 30. Nc4 Nxc4 31. Bxc4 Rb4 32. Rc1 h6 1/2-1/2

[Event "GER-ch 2012-B-F serv"]
[Site "GER email"]
[Date "2013.10.29"]
[Round "?"]
[White "Hoebel, Hartmut"]
[Black "Mehaux, Heiko"]
[Result "1-0"]
[WhiteElo "2122"]
[BlackElo "1969"]
[PlyCount "77"]
[EventDate "2013.11.04"]
[EventType "tourn (corr)"]
[EventRounds "8"]
[EventCountry "GER"]
[SourceTitle "Corr 2015"]
[Source "ChessBase"]
[SourceDate "2015.07.17"]
[SourceVersion "1"]
[SourceVersionDate "2015.07.17"]
[SourceQuality "1"]

1. d4 d5 2. c4 c6 3. Nf3 Nf6 4. Nc3 e6 5. e3 Nbd7 6. Bd3 dxc4 7. Bxc4 b5 8. Bd3 Bb7 9. 0-0 a6 10. e4 c5 11. d5 c4 12. Bc2 Qc7 13. dxe6 fxe6 14. Ng5 Nc5 15. e5 Qc6 16. f3 Nfd7 17. Qe2 b4 18. Nd1 Nd3 19. Bxd3 cxd3 20. Qxd3 Rc8 21. Nf2 Be7 22. Qb3 Qd5 23. Nxe6 Qxb3 24. axb3 Kf7 25. Ng5+ Kg6 26. Nge4 Nxe5 27. Bf4 Nf7 28. Nd3 Rhd8 29. Nef2 Rc2 30. Rfc1 Rxc1+ 31. Rxc1 Rd7 32. Ra1 Kf5 33. Be3 Bd6 34. Nc5 Bxc5 35. Bxc5 Rd2 36. Nd1 Rd3 37. Ne3+ Kg6 38. Nc4 Bc8 39. Na5 1-0

[Event "GER-ch 2012-B-F serv"]
[Site "GER email"]
[Date "2013.10.29"]
[Round "?"]
[White "Mehaux, Heiko"]
[Black "Koch, Hans Georg"]
[Result "1/2-1/2"]
[WhiteElo "1969"]
[BlackElo "2076"]
[PlyCount "49"]
[EventDate "2013.11.04"]
[EventType "tourn (corr)"]
[EventRounds "8"]
[EventCountry "GER"]
[SourceTitle "Corr 2015"]
[Source "ChessBase"]
[SourceDate "2015.07.17"]
[SourceVersion "1"]
[SourceVersionDate "2015.07.17"]
[SourceQuality "1"]

1. e4 c5 2. Nf3 e6 3. d4 cxd4 4. Nxd4 a6 5. c4 Nf6 6. Nc3 Qc7 7. f4 Bb4 8. e5 Ne4 9. Qf3 d5 10. exd6 Nxd6 11. a3 Bc5 12. Be3 b6 13. b4 Bxd4 14. Bxd4 Bb7 15. Qh3 0-0 16. Bd3 f5 17. Qe3 Re8 18. Na4 Nd7 19. c5 bxc5 20. Nxc5 Nxc5 21. bxc5 Rad8 22. Rb1 Qa5+ 23. Ke2 Nb5 24. Bxb5 axb5 25. Rhd1 1/2-1/2

[Event "GER-ch 2012-B-F serv"]
[Site "GER email"]
[Date "2013.10.29"]
[Round "?"]
[White "Mehaux, Heiko"]
[Black "Preusse, Goetz"]
[Result "1/2-1/2"]
[WhiteElo "1969"]
[BlackElo "2006"]
[PlyCount "81"]
[EventDate "2013.11.04"]
[EventType "tourn (corr)"]
[EventRounds "8"]
[EventCountry "GER"]
[SourceTitle "Corr 2015"]
[Source "ChessBase"]
[SourceDate "2015.07.17"]
[SourceVersion "1"]
[SourceVersionDate "2015.07.17"]
[SourceQuality "1"]

1. e4 c6 2. d4 d5 3. Nc3 dxe4 4. Nxe4 Bf5 5. Ng3 Bg6 6. h4 h6 7. Nf3 e6 8. Ne5 Bh7 9. Bc4 Nd7 10. Bf4 Nxe5 11. Bxe5 Nf6 12. Qe2 Bb4+ 13. c3 Bd6 14. 0-0-0 Be7 15. Nh5 0-0 16. Bxf6 Bxf6 17. Bd3 Be7 18. Qe5 Bf6 19. Bxh7+ Kxh7 20. Qe4+ Kh8 21. g4 Be7 22. Qe5 Bf6 23. Qg3 Be7 24. g5 Bd6 25. Qg4 g6 26. gxh6 Kh7 27. Rdg1 a5 28. Rh3 a4 29. Rf3 Kh8 30. Nf4 Ra5 31. Nh3 Rf5 32. h5 Rg8 33. h7 Rg7 34. h6 Rxh7 35. Ng5 Qc7 36. Rxf5 exf5 37. Qh4 Be7 38. Kc2 Kg8 39. f4 Rh8 40. Re1 Bf8 41. Re8 1/2-1/2

[Event "GER-ch 2012-B-F serv"]
[Site "GER email"]
[Date "2013.10.29"]
[Round "?"]
[White "Roeckendorf, Paul Uwe"]
[Black "Mehaux, Heiko"]
[Result "1/2-1/2"]
[WhiteElo "2139"]
[BlackElo "1969"]
[PlyCount "97"]
[EventDate "2013.11.04"]
[EventType "tourn (corr)"]
[EventRounds "8"]
[EventCountry "GER"]
[SourceTitle "Corr 2015"]
[Source "ChessBase"]
[SourceDate "2015.07.17"]
[SourceVersion "1"]
[SourceVersionDate "2015.07.17"]
[SourceQuality "1"]

1. e4 c5 2. Nf3 d6 3. d4 cxd4 4. Nxd4 Nf6 5. Nc3 a6 6. Be3 e5 7. Nb3 Be7 8. f3 Be6 9. Qd2 Nbd7 10. g4 0-0 11. 0-0-0 b5 12. g5 b4 13. Ne2 Ne8 14. f4 a5 15. f5 a4 16. Nbd4 exd4 17. Nxd4 b3 18. Kb1 bxc2+ 19. Nxc2 Bb3 20. axb3 axb3 21. Na3 Ne5 22. Qg2 Qc7 23. Bf4 Kh8 24. h4 Qb7 25. Rh3 Ra4 26. Re3 f6 27. Qe2 g6 28. Qb5 Qxb5 29. Bxb5 Rb4 30. Bxe5 dxe5 31. Rd7 Rd4 32. Rd3 Rxe4 33. Rxb3 Bc5 34. Rc3 Bxa3 35. Rxa3 fxg5 36. hxg5 Ng7 37. Bc6 Rd4 38. Rxd4 exd4 39. f6 Ne6 40. Ra8 Rxa8 41. Bxa8 Nxg5 42. Bd5 Nh3 43. Kc2 Nf4 44. Ba2 Nh5 45. f7 Kg7 46. b4 Nf6 47. Kd3 Nd7 48. Kxd4 Kf6 49. b5 1/2-1/2

[Event "GER-ch 2013-B-V3 serv"]
[Site "GER email"]
[Date "2013.05.30"]
[Round "?"]
[White "Mehaux, Heiko"]
[Black "Oehler, Rolf"]
[Result "1/2-1/2"]
[WhiteElo "2076"]
[BlackElo "2057"]
[PlyCount "37"]
[EventDate "2013.05.01"]
[EventType "tourn (corr)"]
[EventRounds "6"]
[EventCountry "GER"]
[SourceTitle "Corr 2015"]
[Source "ChessBase"]
[SourceDate "2015.07.17"]
[SourceVersion "1"]
[SourceVersionDate "2015.07.17"]
[SourceQuality "1"]

1. d4 Nf6 2. c4 e6 3. Nc3 Bb4 4. e3 0-0 5. Bd3 d5 6. Nf3 c5 7. 0-0 dxc4 8. Bxc4 Nbd7 9. Qe2 b6 10. Rd1 cxd4 11. exd4 Bb7 12. Bd2 a6 13. Bd3 Bd6 14. Ne5 b5 15. Rac1 Rc8 16. Bf4 Be7 17. a3 Nb6 18. Bg5 Nfd5 19. Nxd5 1/2-1/2

[Event "GER-ch 2013-A-V2 serv"]
[Site "GER email"]
[Date "2013.??.??"]
[Round "?"]
[White "Amann, Hubert"]
[Black "Mehaux, Heiko"]
[Result "1-0"]
[WhiteElo "2195"]
[BlackElo "2076"]
[PlyCount "43"]
[EventDate "2013.02.25"]
[EventType "tourn (corr)"]
[EventRounds "6"]
[EventCountry "GER"]
[SourceTitle "Corr 2015"]
[Source "ChessBase"]
[SourceDate "2015.07.17"]
[SourceVersion "1"]
[SourceVersionDate "2015.07.17"]
[SourceQuality "1"]

1. d4 Nf6 2. c4 e6 3. Nf3 b6 4. g3 Bb7 5. Bg2 Bb4+ 6. Bd2 Qe7 7. 0-0 Nc6 8. Bc1 Bd6 9. Nc3 0-0 10. e4 e5 11. d5 Na5 12. Nh4 g6 13. Bg5 Rfc8 14. b3 Kg7 15. Qd2 Ba6 16. f4 exf4 17. Rae1 Bxc4 18. e5 Bxe5 19. Rxe5 Qxe5 20. Bxf4 Qe8 21. Bh6+ Kg8 22. Rxf6 1-0

[Event "GER-ch 2012-A-F serv"]
[Site "GER email"]
[Date "2013.??.??"]
[Round "?"]
[White "Dorer, Manfred"]
[Black "Mehaux, Heiko"]
[Result "1-0"]
[WhiteElo "2122"]
[BlackElo "2076"]
[PlyCount "103"]
[EventDate "2012.04.08"]
[EventType "tourn (corr)"]
[EventRounds "10"]
[EventCountry "GER"]
[SourceTitle "Corr 2015"]
[Source "ChessBase"]
[SourceDate "2015.07.17"]
[SourceVersion "1"]
[SourceVersionDate "2015.07.17"]
[SourceQuality "1"]

1. e4 c5 2. Nf3 d6 3. d4 cxd4 4. Nxd4 Nf6 5. Nc3 Nc6 6. Bg5 e6 7. Qd2 Be7 8. 0-0-0 0-0 9. f4 Nxd4 10. Qxd4 Qa5 11. Bc4 Bd7 12. e5 dxe5 13. fxe5 Bc6 14. Bd2 Nd7 15. Nd5 Qd8 16. Nxe7+ Qxe7 17. Rhe1 Rfd8 18. Qg4 Nf8 19. Bd3 Rd5 20. Be4 Rdd8 21. Bb4 Rxd1+ 22. Rxd1 Qc7 23. Bd6 Qb6 24. Qf3 Bxe4 25. Qxe4 Rc8 26. b3 Nd7 27. Rd2 h6 28. Kb2 Qc6 29. Qxc6 Rxc6 30. a4 b6 31. Rd3 f5 32. exf6 Nxf6 33. c4 Rc8 34. Bb4 Kf7 35. a5 e5 36. Rd6 Rb8 37. Bc3 e4 38. Bd4 Ke7 39. Be5 Re8 40. axb6 axb6 41. Rxb6 e3 42. Kc2 Kf7 43. Bxf6 gxf6 44. Kd1 Rd8+ 45. Ke2 Rd2+ 46. Kxe3 Rxg2 47. b4 Rxh2 48. b5 h5 49. c5 Rc2 50. Kd4 h4 51. Rb7+ Kg6 52. b6 1-0

[Event "GER-ch 2013-E-V3 serv"]
[Site "GER email"]
[Date "2013.??.??"]
[Round "?"]
[White "Gonschior, Manfred"]
[Black "Mehaux, Heiko"]
[Result "1-0"]
[WhiteElo "2048"]
[BlackElo "2076"]
[PlyCount "79"]
[EventDate "2013.11.15"]
[EventType "tourn (corr)"]
[EventRounds "6"]
[EventCountry "GER"]
[SourceTitle "Corr 2015"]
[Source "ChessBase"]
[SourceDate "2015.07.17"]
[SourceVersion "1"]
[SourceVersionDate "2015.07.17"]
[SourceQuality "1"]

1. e4 c5 2. Nf3 d6 3. d4 cxd4 4. Nxd4 Nf6 5. Nc3 a6 6. Be2 e5 7. Nb3 Be7 8. Be3 Be6 9. 0-0 0-0 10. Qd3 Nbd7 11. Nd5 Bxd5 12. exd5 Qc8 13. a4 e4 14. Qd4 Ne5 15. c4 Qf5 16. Nd2 Rfe8 17. a5 Bd8 18. h3 Qg6 19. Ra3 Bc7 20. b4 h6 21. Bd1 Bb8 22. Bc2 Ba7 23. Qa1 Nh5 24. Bxa7 Rxa7 25. Nxe4 Nf4 26. Rg3 Ne2+ 27. Kh2 Nxg3 28. fxg3 f5 29. Nd2 Rf8 30. Qb1 Kh8 31. Bxf5 Qh5 32. Qe4 Qg5 33. Rf4 Raa8 34. c5 Rae8 35. Be6 dxc5 36. bxc5 Rf6 37. Qd4 Ref8 38. Nc4 Nxc4 39. Rxf6 Qxf6 40. Qxc4 1-0

[Event "GER ML-390 email"]
[Site "GER email"]
[Date "2013.??.??"]
[Round "?"]
[White "Hoffmann, Heiko"]
[Black "Mehaux, Heiko"]
[Result "1/2-1/2"]
[WhiteElo "1838"]
[BlackElo "2066"]
[PlyCount "62"]
[EventDate "2013.??.??"]
[EventType "tourn (corr)"]
[EventRounds "6"]
[EventCountry "GER"]
[SourceTitle "Corr 2015"]
[Source "ChessBase"]
[SourceDate "2015.07.17"]
[SourceVersion "1"]
[SourceVersionDate "2015.07.17"]
[SourceQuality "1"]

1. e4 c5 2. c3 Nf6 3. e5 Nd5 4. d4 cxd4 5. Nf3 Nc6 6. cxd4 d6 7. Bc4 Nb6 8. Bb5 dxe5 9. Nxe5 Bd7 10. Nxd7 Qxd7 11. Nc3 e6 12. 0-0 Be7 13. Qg4 0-0 14. Bxc6 bxc6 15. Bh6 Bf6 16. Rfd1 Nd5 17. Ne4 Qe7 18. Rac1 Kh8 19. Nxf6 Qxf6 20. Bd2 Rab8 21. b3 Rfc8 22. Rc4 Qe7 23. Rdc1 Qd7 24. Qh4 Kg8 25. h3 Nb6 26. R4c2 Nd5 27. Qg3 Ne7 28. Rc4 Nf5 29. Qe5 f6 30. Qc5 Rb6 31. Ra4 Rb7 1/2-1/2

[Event "GER ML-388 email"]
[Site "GER email"]
[Date "2013.??.??"]
[Round "?"]
[White "Mehaux, Heiko"]
[Black "Behrendorf, Kurt Albert"]
[Result "1/2-1/2"]
[WhiteElo "2076"]
[BlackElo "1912"]
[PlyCount "100"]
[EventDate "2013.??.??"]
[EventType "tourn (corr)"]
[EventRounds "6"]
[EventCountry "GER"]
[SourceTitle "Corr 2015"]
[Source "ChessBase"]
[SourceDate "2015.07.17"]
[SourceVersion "1"]
[SourceVersionDate "2015.07.17"]
[SourceQuality "1"]

1. e4 c5 2. Nf3 d6 3. d4 cxd4 4. Nxd4 Nf6 5. Nc3 a6 6. Be3 Ng4 7. Bg5 h6 8. Bh4 g5 9. Bg3 Bg7 10. h3 Nf6 11. Qf3 Qb6 12. 0-0-0 Nc6 13. Nxc6 Qxc6 14. Be2 Qc5 15. Rhe1 0-0 16. e5 dxe5 17. Bd3 Be6 18. Bxe5 b5 19. Bxf6 Bxf6 20. Ne4 Qe5 21. Nxf6+ Qxf6 22. Qxf6 exf6 23. b3 Kg7 24. Be4 Rad8 25. Kb2 f5 26. Bb7 Rb8 27. Bxa6 Rb6 28. c4 Bxc4 29. Re5 Kf6 30. Rc5 Rxa6 31. bxc4 bxc4 32. Rxc4 Rfa8 33. Ra1 Rb8+ 34. Kc2 Re8 35. Kd3 Ra3+ 36. Rc3 Rd8+ 37. Kc2 Ra4 38. Kb3 Re4 39. Rc6+ Kg7 40. a4 Rb8+ 41. Kc3 Re2 42. a5 Rxf2 43. a6 Rxg2 44. a7 Rg3+ 45. Kc4 Ra8 46. Rb6 Rc8+ 47. Kd4 Rd8+ 48. Kc4 Rc8+ 49. Kd4 Rd8+ 50. Kc4 Rc8+ 1/2-1/2

[Event "GER-ch 2013-B-V3 serv"]
[Site "GER email"]
[Date "2013.??.??"]
[Round "?"]
[White "Mehaux, Heiko"]
[Black "Ryseck, Werner"]
[Result "1/2-1/2"]
[WhiteElo "2076"]
[BlackElo "1967"]
[PlyCount "92"]
[EventDate "2013.05.01"]
[EventType "tourn (corr)"]
[EventRounds "6"]
[EventCountry "GER"]
[SourceTitle "Corr 2015"]
[Source "ChessBase"]
[SourceDate "2015.07.17"]
[SourceVersion "1"]
[SourceVersionDate "2015.07.17"]
[SourceQuality "1"]

1. d4 Nf6 2. c4 e6 3. Nc3 Bb4 4. e3 0-0 5. Bd3 d5 6. Nf3 c5 7. 0-0 Nc6 8. a3 Bxc3 9. bxc3 b6 10. cxd5 exd5 11. Ne5 Bb7 12. Nxc6 Bxc6 13. f3 Re8 14. a4 Qd7 15. Re1 Re7 16. Bc2 Rae8 17. a5 Bb5 18. axb6 axb6 19. Bd2 Bc4 20. Ba4 Bb5 21. Qb3 Bxa4 22. Rxa4 Qc6 23. Rb1 Rc7 24. h3 Nd7 25. Rba1 Rcc8 26. Ra7 Rb8 27. Qa4 b5 28. Qa6 Nb6 29. Rb1 cxd4 30. exd4 Qg6 31. Re1 Nc4 32. Rxe8+ Rxe8 33. Ra8 Rf8 34. Rxf8+ Kxf8 35. Qc8+ Ke7 36. Qb7+ Ke6 37. Bf4 Kf5 38. Bc1 Qe6 39. Qxb5 h5 40. Qb1+ Kf6 41. Kf2 Qf5 42. Qxf5+ Kxf5 43. g3 g5 44. Ke2 Kg6 45. Kd3 f5 46. Ke2 g4 1/2-1/2

[Event "GER-ch 2013-E-V3 serv"]
[Site "GER email"]
[Date "2013.??.??"]
[Round "?"]
[White "Mehaux, Heiko"]
[Black "Ryseck, Werner"]
[Result "1/2-1/2"]
[WhiteElo "2076"]
[BlackElo "1967"]
[PlyCount "69"]
[EventDate "2013.11.15"]
[EventType "tourn (corr)"]
[EventRounds "6"]
[EventCountry "GER"]
[SourceTitle "Corr 2015"]
[Source "ChessBase"]
[SourceDate "2015.07.17"]
[SourceVersion "1"]
[SourceVersionDate "2015.07.17"]
[SourceQuality "1"]

1. e4 e5 2. Nf3 Nc6 3. d4 exd4 4. Nxd4 Nf6 5. Nxc6 bxc6 6. e5 Qe7 7. Qe2 Nd5 8. c4 Nb6 9. Nc3 Qe6 10. Qe4 Ba6 11. b3 0-0-0 12. Bb2 Re8 13. f4 f6 14. 0-0-0 fxe5 15. c5 Bxf1 16. cxb6 Ba6 17. bxa7 Kb7 18. Rhe1 d5 19. Qxe5 Qxe5 20. fxe5 Be7 21. Na4 Kxa7 22. Bd4+ Kb8 23. Nc5 Bc8 24. b4 Rhf8 25. Kb2 Rf5 26. Nd3 Rg5 27. Rd2 Bf5 28. g3 Be4 29. a3 Kc8 30. Nf2 Bf5 31. Rc1 Kd7 32. Nd3 Rg4 33. Nc5+ Bxc5 34. Rxc5 Ra8 35. Kb3 1/2-1/2

[Event "GER-ch 2013-F-V2 serv"]
[Site "GER email"]
[Date "2013.??.??"]
[Round "?"]
[White "Sendobry, Bert"]
[Black "Mehaux, Heiko"]
[Result "1/2-1/2"]
[WhiteElo "1856"]
[BlackElo "2076"]
[PlyCount "52"]
[EventDate "2013.12.31"]
[EventType "tourn (corr)"]
[EventRounds "6"]
[EventCountry "GER"]
[SourceTitle "Corr 2015"]
[Source "ChessBase"]
[SourceDate "2015.07.17"]
[SourceVersion "1"]
[SourceVersionDate "2015.07.17"]
[SourceQuality "1"]

1. Nc3 d5 2. d4 Nf6 3. Bf4 Bf5 4. e3 e6 5. Bb5+ c6 6. Bd3 Nbd7 7. Nf3 Qb6 8. Rb1 Bxd3 9. Qxd3 Nh5 10. 0-0 Nxf4 11. exf4 g6 12. Rfe1 Be7 13. g3 0-0 14. Kg2 Rfe8 15. a3 a5 16. a4 Qa6 17. Red1 c5 18. Nb5 Rad8 19. Nc7 Qxd3 20. Rxd3 Rf8 21. Rb3 b6 22. Re3 cxd4 23. Nxd4 Nf6 24. Ncb5 Bc5 25. b3 Kg7 26. Rd1 Rc8 1/2-1/2

[Event "GER-ch 2013-F-V2 serv"]
[Site "GER email"]
[Date "2013.??.??"]
[Round "?"]
[White "Seyb, Norbert"]
[Black "Mehaux, Heiko"]
[Result "0-1"]
[WhiteElo "1823"]
[BlackElo "2066"]
[PlyCount "100"]
[EventDate "2013.12.31"]
[EventType "tourn (corr)"]
[EventRounds "6"]
[EventCountry "GER"]
[SourceTitle "Corr 2015"]
[Source "ChessBase"]
[SourceDate "2015.07.17"]
[SourceVersion "1"]
[SourceVersionDate "2015.07.17"]
[SourceQuality "1"]

1. e4 c5 2. Nf3 d6 3. d4 cxd4 4. Nxd4 Nf6 5. Nc3 a6 6. Be3 e5 7. Nb3 Be6 8. Qd2 Nbd7 9. f3 Be7 10. g4 b5 11. g5 Nh5 12. 0-0-0 0-0 13. Rg1 Nb6 14. Nd5 Bxd5 15. exd5 Rc8 16. Qa5 Nc4 17. Qxd8 Rfxd8 18. Bf2 Rf8 19. Nd2 Nxd2 20. Rxd2 Rb8 21. c3 f6 22. gxf6 Rxf6 23. Be2 Bd8 24. Ba7 Bb6 25. Bxb6 Rxb6 26. Kc2 Rf7 27. a3 Nf4 28. Rf1 a5 29. Bd3 Rc7 30. Kb3 Rb8 31. Be4 g6 32. a4 bxa4+ 33. Kxa4 Nh5 34. Ka3 Nf6 35. Re1 Kg7 36. h3 Nd7 37. h4 Rc4 38. Re3 Nc5 39. Ka2 Ra4+ 40. Kb1 Kh6 41. Re1 Ra3 42. Kc2 Rab3 43. Rb1 a4 44. Rdd1 Kh5 45. Rg1 Nxe4 46. fxe4 h6 47. Ra1 Rxb2+ 48. Kd3 Ra8 49. c4 Rb3+ 50. Kd2 a3 0-1